000 00568nam a2200181Ia 4500
008 090124s9999 xx 000 0 und d
082 _b6018
_a54
100 _aकाणेकर अनंत
245 _a राजकीय टीकाचित्रें
250 _a1
260 _c1940
300 _a8+
600 _aकाणेकर अनंत
630 _a राजकीय टीकाचित्रें
700 _aकाणेकर अनंत
730 _a राजकीय टीकाचित्रें
942 _cBOOK
999 _c119959
_d119959